00474nam a2200109Ia 4500008004100000050002400041100002700065245013600092260008600228300002800314521002200342140724s9999 xx 000 0 und d aLC 4713b.C512 2012 aChavez, Chirstopher G. aStrategies employed by special education teachers in dealing with behavior problems of students with ADHD /cChristopher G. Chavez. aLas Piñas, Philippines :bSouthville International School and Colleges,cc2012. a79 p. :bill. ;c28 cm. aSpecial Education